| 000 | 00551nam a22002057a 4500 | ||
|---|---|---|---|
| 003 | OSt | ||
| 005 | 20220107122732.0 | ||
| 008 | 140403b xxu||||| |||| 00| 0 eng d | ||
| 020 | _a9788184044362 | ||
| 040 | _cIIITM-K | ||
| 082 | _a005.133J MOR/H | ||
| 100 |
_aMorrison, Michael _93359 |
||
| 245 |
_aHead first javascript _cby Michael Morrison |
||
| 260 |
_aMumbai, _bO'Reilly, _c2008. |
||
| 300 | _axxxiv, 615p. | ||
| 650 |
_aCOMPUTER SCIENCE _93360 |
||
| 650 |
_aPROGRAMMING LANGUAGE _93361 |
||
| 650 |
_aJAVA PROGRAMMING _93362 |
||
| 942 |
_2ddc _cBK |
||
| 999 |
_c3638 _d3638 |
||